PvZ2 plants 2024 - Statistics

General Stats
  • This quiz has been taken 74 times
  • The average score is 35 of 199
Answer Stats
Where do you unlock it Plant % Correct
Players House Peashooter
98%
Players House Sunflower
96%
Players House Wallnut
92%
Players House Potato Mine
76%
Players House Cabbage-Pult
69%
Ancient Egypt Repeater
63%
Pirate Seas Cherry Bomb
55%
Ancient Egypt Twin Sunflower
53%
Ancient Egypt Bonk Choy
51%
Ancient Egypt Iceberg Lettuce
51%
Pirate Seas Kernal-Pult
51%
Wild West Tallnut
51%
Ancient Egypt Grave Buster
47%
Money Premium Chomper
43%
Money Premium Snow Pea
43%
Gem Premium Fire Peashooter
41%
Big Wave Beach Lily Pad
41%
Pirate Seas Snap Dragon
41%
Pirate Seas Coconut Cannon
39%
Wild West Threepeater
39%
Dark Ages Fume-Shroom
37%
Wild West Melon Pult
37%
Dark Ages Puff-Shroom
37%
Pirate Seas Spikeweed
37%
Dark Ages Sun-Shroom
37%
Wild West Winter Melon
37%
Gem Premium Jalapeno
35%
Jurassic Marsh Primal Wallnut
35%
Gem Premium Torchwood
35%
Wild West Pea Pod
33%
Jurassic Marsh Primal Peashooter
33%
Jurassic Marsh Primal Sunflower
33%
Pirate Seas Spring Bean
33%
Far Future Citron
31%
Dark Ages Magnet-Shroom
31%
Big Wave Beach Tangle Kelp
31%
Big Wave Beach Banana Launcher
29%
Money Premium Cactus
29%
Gem Premium Hypno-Shroom
29%
Far Future Laser Bean
29%
Wild West Lightning Reed
29%
Modern Day Moonflower
29%
Pirates Seas Spikerock
29%
Gem Premium Squash
29%
Far Future Tile Turnip
29%
Frostbite Caves Hot Potato
27%
Frostbite Caves Pepper Pult
27%
Jurassic Marsh Primal Potato Mine
27%
Dark Ages Sun Bean
27%
Far Future Blover
25%
Big Wave Beach Bowling Bulb
25%
Wild West Chili Bean
25%
Doom-Shroom
25%
Lost City A.K.E.E.
24%
Neon Mixtape Tour Celery Stalker
24%
Modern Day Dusk Lobber
24%
Far Future E.M. Peach
24%
Neon Mixtape Tour Garlic
24%
Lost City Gold Leaf
24%
Far Future Infi-Nut
24%
Money Premium Power Lily
24%
Lost City Red Stinger
24%
Gem Premium Shrinking Violet
24%
Neon Mixtape Tour Spore-Shroom
24%
Frostbite Caves Chard Guard
22%
Money Premium Cold Snap Dragon
22%
Lost City Endurian
22%
Gem Premium Peanut
22%
Seed Packet Premium Shadow Peashooter
22%
Money Premium Toadstool
22%
Gem Premium Hurrikale
20%
Ice-Shroom
20%
Far Future Magnifying Grass
20%
Neon Mixtape Tour Phat Beat
20%
Seed Packet Premium Starfruit
20%
Money Premium Electric Blueberry
18%
Money Premium Electric Peashooter
18%
Modern Day Nightshade
18%
Jurassic Marsh Perfume-Shroom
18%
All are SPP from here Pumpkin
18%
Frostbite Caves Rotobaga
18%
Neon Mixtape Tour Thyme Warp
18%
Gem Premium Ghost Pepper
16%
Money Premium Imitater
16%
Gem Premium Lava Gua
16%
Gem Premium Sap Fling
16%
Scaredy-Shroom
16%
Ancient Egypt Bloomarang
14%
Money Premium Escape Root
14%
Money Premium Gold Bloom
12%
Seed Packet Premium Goo Peashooter
12%
Money Premium Grapeshot
12%
Neon Mixtape Tour Intensive Carrot
12%
Gem Premium Kiwi Beast
12%
Mega Gatling Pea
12%
Pea Vine
12%
Seed Packet Premium Snap Pea
12%
Wild West Spilt Pea
12%
Frostbitecaves Stunion
12%
Gem Premium Sweet Potato
12%
Mint Premium Appease-Mint
10%
Money Premium Apple Mortar
10%
Mint Premium Conceal-Mint
10%
Seed Packet Premium Dandelion
10%
Mint Premium Enforce-Mint
10%
Big Wave Beach Guacadile
10%
Money Premium Missile Toe
10%
Sea-Shroom
10%
Mint Premium Spear-Mint
10%
Lost City Stalia
10%
Mint Premium Arma-Mint
8%
Seed Packet Premium Blooming Heart
8%
Mint Premium Bombard-Mint
8%
Money Premium Caulipower
8%
Chilly Pepper
8%
Mint Premium Enlighten-Mint
8%
Mint Premium Fila-Mint
8%
Heath Seeker
8%
Meteor Flower
8%
Nightcap
8%
Money Premium Parsnip
8%
Mint Premium Pepper-Mint
8%
Tiger Grass
8%
Mint Premium Winter-Mint
8%
Seed Packet Premium Zoy Bean Pod
8%
Mint Premium Ail-Mint
6%
Blockoli
6%
Bramble Bush
6%
Bud'uh Boom
6%
Mint Premium Contain-Mint
6%
Gem Premium Electric Currant
6%
Frost Bonnet
6%
Money Premium Holly Barrier
6%
Gem Premium Homing Thristle
6%
Seed Packet Premium Hot Date
6%
Ice Bloom
6%
Iceweed
6%
Inferno
6%
Money Premium Jack O' Lantern
6%
Murkadamia Nut
6%
Seed Packet Premium Pokra
6%
Mint Premium Reinforce-Mint
6%
Money Premium Strawburst
6%
Money Premium Wasabi Whip
6%
Seed Packet Premium Aloe
4%
Blastspinner
4%
Boingsetta
4%
Buttercup
4%
Dartichoke
4%
Seed Packet Premium Dazey Chain
4%
Mint Premium Enchant-Mint
4%
Modern Day Gloom-Shroom
4%
Gloom Vine
4%
Guard-Shroom
4%
Gumnut
4%
Seed Packet Premium Imp Pear
4%
Mangofier
4%
Rhubarbarian
4%
SeaFlora
4%
Shine Vine
4%
Seed Packet Premium Sling Pea
4%
Tomb Tangler
4%
Ultomato
4%
Money Premium Witch Hazel
4%
Aqua Vine
2%
Bamboo Spartan
2%
Seed Packet Premium Blastberry Vine
2%
Blaze Leaf
2%
Bzzz Button
2%
Draftodil
2%
Dragon Bruit
2%
Seed Packet Premium Explode-O-Nutt
2%
Explode-O Vine
2%
Modern Day Grimerose
2%
Headbutter Lettuce
2%
MayBee
2%
Noctarine
2%
Pyre Vine
2%
Seed Packet Premium Solar Tomato
2%
Sundew Tangler
2%
Teleportato Mine
2%
Turkey-Pult
2%
Znake Lily
2%
Bean Sprout
0%
Seed Packet Premium Bombegrante
0%
Boom Ballon Flower
0%
BoomBerry
0%
Bun Chi
0%
Cranjelly
0%
Electric Peal
0%
Seed Packet Premium Eletrici-Tea
0%
Hocus Pocus
0%
Leviator
0%
Power Vine
0%
Puffball
0%
Solar Sage
0%
Stickybomb Rice
0%
Tumbleweed
0%
Vamporcini
0%
No matching quizzes found
Score Distribution
Percent of People with Each Score
Percentile by Number Answered
Your Score History
You have not taken this quiz